000 00700nam a2200193 4500
999 _c5730
_d5730
003 OSt
005 20220616093223.0
008 220616b ||||| |||| 00| 0 eng d
020 _a-
040 _cALUPE UNIVERSITY
050 _aR125
_b.F36 1986
110 _aAmerican Academy of Family Physicians.
245 _aFamily practice annual 1986 :
_bA clinical update in cardiology, internal medicine, psychiatry, pediatrics and gynecology
_cBy American Academy of Family Physicians.
260 _aKansas City, Mo. :
_b American Family Physician,
_cc1986.
300 _a108p.
_bcol. ill;
_c26 cm
504 _aIncludes Bibliographical references.
650 _a Family medicine.
942 _2lcc
_cBK
_nAB